Statistiche per Nomi di tutti i papi

Clicka qui per fare il quiz!

Statistiche generali

  • Questo quiz è stato fatto 5.337 volte
  • Il punteggio medio è 27 su 81

Statistiche sulle risposte

#Name% Corretto
1Francesco
98%
21Giovanni
96%
6Paolo
94%
17Benedetto
91%
1Pietro
89%
2Giovanni Paolo
86%
12Pio
85%
13Leone
79%
7Alessandro
64%
16Gregorio
61%
8Bonifacio
61%
14Clemente
60%
1Marco
60%
13Innocenzo
57%
5Celestino
55%
8Urbano
53%
3Giulio
53%
5Sisto
51%
9Stefano
46%
5Nicola
41%
1Lino
36%
6Adriano
36%
3Martino
35%
3Silvestro
34%
3Vittore
33%
2Marcello
33%
4Onorio
32%
3Lucio
32%
1Anacleto
31%
3Callisto
31%
4Sergio
31%
4Eugenio
29%
3Felice
28%
1Costantino
28%
1Evaristo
26%
2Teodoro
25%
2Pasquale
25%
3Anastasio
25%
1Zaccaria
22%
1Ilario
22%
1Fabiano
22%
2Damaso
21%
1Marcellino
21%
2Marino
21%
1Valentino
21%
1Igino
21%
2Adeodato
21%
2Gelasio
20%
1Caio
20%
1Eusebio
20%
1Romano
20%
2Agapito
20%
1Telesforo
18%
1Liberio
18%
1Dono
18%
1Lando
17%
2Pelagio
17%
1Aniceto
17%
1Eleuterio
17%
1Sotero
16%
1Zefirino
16%
1Agatone
16%
1Vitaliano
16%
1Simmaco
16%
1Ponziano
16%
1Zosimo
16%
1Formoso
16%
1Sisinnio
16%
1Silverio
16%
1Severino
16%
1Ormisda
16%
1Milziade
16%
1Dionisio
15%
1Cornelio
15%
1Vigilio
15%
1Conone
14%
1Antero
14%
1Sabiniano
14%
1Eutichiano
14%
1Siricio
13%
1Simplicio
13%

Distribuzione punteggi

Percentile per numero di risposta

Percentuale di utenti per punteggio

I tuoi punteggi nel tempo

Non hai fatto questo quiz